000 00735nam a22002297a 4500
003 UA-OsUOA
001 56407
007 ta
008 20081023b un ||||| |||| 00| 0 ukr d
090 _a82.09(477.82)
_bВ67
942 _cBK
040 _aUA-OsUOA
_bukr
_cUA-OsUOA
_dUA-OsUOA
245 _aВолинь у житті та творчості письменників
_bЗбірник наукових праць
_cАвтор упор. Сташенко Н. Г.
300 _a256 с.
955 _a2
041 _aukr
080 _a82.09(477.82)
020 _a978-966-8770-30-2
260 _aЛуцьк
_bТвердиня
_c2007
650 7 _a82 Література. Літературознавство
_2UDC
999 _c342494
_d342494